000 00589nam a2200229Ia 4500
003 OSt
005 20220918200801.0
006 a|||||r|||| 00| 0
007 ta
008 220917b |||||||| |||| 00| 0 eng d
024 _a90,193
037 _cTextual
040 _aARTS
_cARTS
_beng
041 _2eng
_aeng
082 _aU6:4:N5, J7
100 _aStamp L Dudley
_993606
245 0 _aAsia
_b a regional and ecomic geography
260 _c1957
650 _aCOMMERCIAL GEOGRAPHY
_91466
942 _hU6:4:N5, J7
_cTEXL
_2CC
999 _c213861
_d213861